Visualizzazione normale
Vista MARC
- Mccarthy Tom
di Personal Name
Records bibliografici associati: 1
001 - CONTROL NUMBER
- control field: 43084
003 - CONTROL NUMBER IDENTIFIER
- control field: IT-RoPau
005 - DATE AND TIME OF LATEST TRANSACTION
- control field: 20151127101432.0
008 - FIXED-LENGTH DATA ELEMENTS
- fixed length control field: 151127|| aca||aabn | a|a d
040 ## - CATALOGING SOURCE
- Original cataloging agency: IT-RoPau
- Transcribing agency: IT-RoPau
100 ## - HEADING--PERSONAL NAME
- Personal name: Mccarthy Tom
- Relator term: (regista)
- Miscellaneous information: Codice regista SPICS: 59534
670 ## - SOURCE DATA FOUND
- Source citation: Work cat.: (IT-RoPau)105737: Mccarthy Tom Codice regista SPICS: 59534 43081, OSPITE INATTESO (L') OSPITE INATTESO (L') (Rif. Codice opera principale : H8880)